LEADER 01424nam0 2200349 450 001 000034017 005 20211210110615.0 012 $abia- aso- umne maid (3) 1698 (A)$2fei$5UNIPARTHENOPE 100 $a20211206d1698----km-y0itay50------ba 101 0 $alat 102 $aNL 105 $ay-------001yy 200 1 $aGerardi Noodt, jurisconsulti De foenore et vsuris libri tres in quibus multa juris ciuilis, aliorumque veterum scriptorum loca, aut illustrantur aut emendantur 210 $aLugduni Batauorum$capud Fredericum Haaring$d1698 215 $a[22], 281, [3] p.$cill., ritr.$d4° 300 $aIl nome dell'A. precede il titolo proprio 300 $aRitr. dell'A. ripieg. illustrato da I. Tangena ed eseguito da G. yalck 300 $aIniziali decorate 300 $aMarca tipografica raffigurante un uomo che vanga, sullo sfondo paesaggio di campagna, in cornice 307 $aSegnatura: *\2074 (-*\2074) 2-3*\2074 A-2M\2074 2Nē 307 $aLa c. 2Nē bianca 500 10$aDe foenore et vsuris libri tres$92570330 620 $aLeida$dPaesi Bassi 700 1$aNoodt,$bGerard$4070$0326806 702 1$aTangena,$bJohannes$4440 702 1$aYalck,$bG.$4410 712 02$aHaaring,$bFrederik$4650 801 0$aIT$bUNIPARTHENOPE$c20211206$gREICAT$2UNIMARC 912 $a000034017 951 $aDiSEG A II 73$b2711$cNAVA1$d2021 996 $aDe foenore et vsuris libri tres$92570330 997 $aUNIPARTHENOPE LEADER 03500nam 2200721Ia 450 001 9910965265503321 005 20251117095322.0 010 $a1-136-58126-X 010 $a1-136-58127-8 010 $a0-203-15563-7 010 $a9780415565233 010 $a9780203155639 024 7 $a10.4324/9780203155639 035 $a(CKB)2550000000096273 035 $a(EBL)957448 035 $a(OCoLC)798533149 035 $a(SSID)ssj0000692446 035 $a(PQKBManifestationID)11390635 035 $a(PQKBTitleCode)TC0000692446 035 $a(PQKBWorkID)10638070 035 $a(PQKB)10984354 035 $a(MiAaPQ)EBC957448 035 $a(Au-PeEL)EBL957448 035 $a(CaPaEBR)ebr10542111 035 $a(CaONFJC)MIL761004 035 $a(OCoLC)784034414 035 $a(OCoLC)548660457 035 $a(FINmELB)ELB139088 035 $a(EXLCZ)992550000000096273 100 $a20110526d2012 uy 0 101 0 $aeng 135 $aur|n|---||||| 181 $ctxt$2rdacontent 182 $cc$2rdamedia 183 $acr$2rdacarrier 200 10$aPractice-based research in social work $ea guide for reluctant researchers /$fSarah-Jane Dodd and Irwin Epstein 205 $a1st ed. 210 $aMilton Park, Abingdon, Oxon ;$aNew York $cRoutledge$d2012 215 $a1 online resource (219 pages) $cillustrations 300 $aDescription based upon print version of record. 311 08$a0-415-56524-3 311 08$a0-415-56523-5 320 $aIncludes bibliographical references (p. [201]-207) and index. 327 $a1. Evolution and definition of PBR -- 2. Establishing the practice-research problem -- 3. PBR study purposes -- 4. PBR research designs -- 5. The PBR literature review -- 6. Understanding basic differences in data-collection methods -- 7. Qualitative data gathering -- 8. Quantitative data gathering -- 9. PBR sampling -- 10. Research ethics and protection of human subjects in PBR -- 11. Analyzing qualitative data in PBR -- 12. Analyzing quantitative data in PBR -- 13. Interpreting and disseminating results from PBR. 330 $aThis unique textbook explores practice-based research (PBR), using numerous practice examples to actively encourage and engage students and practitioners to embrace research as a meaningful support for their practice. Whilst evidence-based practice gives practitioners access to information about "universal" best practices, it does not prioritize practitioner-generated knowledge or promote new research-based interventions relevant to their own practice circumstances as PBR does. This book discusses the evolution of PBR as a distinct social work research approach, describes its principles and methods and presents a range of exemplars illustrating the application of PBR within different practice methods in different practice settings. 606 $aSocial service$xResearch 606 $aSocial work education 606 $aSocial service$xFieldwork 606 $aSocial workers$xProfessional practice 615 0$aSocial service$xResearch. 615 0$aSocial work education. 615 0$aSocial service$xFieldwork. 615 0$aSocial workers$xProfessional practice. 676 $a361.3/2072 700 $aDodd$b Sarah-Jane$01876768 701 $aEpstein$b Irwin$01876597 801 0$bMiAaPQ 801 1$bMiAaPQ 801 2$bMiAaPQ 906 $aBOOK 912 $a9910965265503321 996 $aPractice-based research in social work$94488582 997 $aUNINA